ملتقى القاهرة الدولى لفن الخط العربى/ Cairo international biennial of the arabic calligraphy art

Saved in:

Main Author: Muḥammad Baghdādī.

Other Authors: Yusrī Ḥasan ʻAbd al-Raḥmān Muḥammad.

Format: Book

Language: Undetermined

Published: Al-Qāhirah : Wizārat al-Thaqāfah, Ṣundūq al-Tanmiyah al-Thaqāfīyah, .

Tags: Add Tag

No Tags, Be the first to tag this record!

Call Number: NK3633 .A2 M85 2016

LEADER 00532nam a2200121Ia 4500
008 240329s9999||||xx |||||||||||||| ||und||
050 4 |a NK3633 .A2 M85 2016 
100 1 |a Muḥammad Baghdādī. 
245 1 0 |a ملتقى القاهرة الدولى لفن الخط العربى/ Cairo international biennial of the arabic calligraphy art  |c Muḥammad Baghdādī 
264 1 |a Al-Qāhirah :  |b Wizārat al-Thaqāfah, Ṣundūq al-Tanmiyah al-Thaqāfīyah,  |c . 
700 1 |a Yusrī Ḥasan ʻAbd al-Raḥmān Muḥammad. 
942 |2 lcc  |c BK 
999 |c 57895  |d 57895